000 00358nam a2200145Ia 4500
005 20251222153548.0
008 251222s9999||||xx |||||||||||||| ||spa||
020 _a8484424677
082 _a519.5/M97
100 _aMurgui Izquierdo, J. Santiago
245 0 _aEjercicios de Estadística:
250 _a1ra. ed.
264 _bTirant lo Blanch
942 _cLIB
999 _c30720
_d30720